De las teorías de derecho político en los escritores españoles de los siglos XVI y XVII (Record no. 68821)

MARC details
000 -LEADER
campo de control de longitud fija 00643nam a22001695i 4500
001 - NÚMERO DE CONTROL
campo de control 68821
003 - IDENTIFICADOR DE NÚMERO DE CONTROL
campo de control ES-MaACL
005 - FECHA Y HORA DE LA ÚLTIMA TRANSACCIÓN
campo de control 20230906170355.0
007 - CAMPO FIJO DE DESCRIPCIÓN FÍSICA--INFORMACIÓN GENERAL
campo de control de longitud fija t|
008 - DATOS DE LONGITUD FIJA--INFORMACIÓN GENERAL
campo de control de longitud fija 960829s1898 sp ||||1| spa d
040 ## - FUENTE DE CATALOGACIÓN
Centro catalogador/agencia de origen CAM
Lengua de catalogación spa
Centro/agencia transcriptor CAM
100 1# - ENTRADA PRINCIPAL--NOMBRE DE PERSONA
Nombre de persona Giráldez y Riarola, Joaquín.
9 (RLIN) 57192
245 10 - MENCIÓN DEL TÍTULO
Título De las teorías de derecho político en los escritores españoles de los siglos XVI y XVII
Resto del título : memoria leída en la Universidad Central al recibir el grado de doctor en Derecho /
Mención de responsabilidad, etc. por Joaquín Giráldez y Riarola.
260 ## - PUBLICACIÓN, DISTRIBUCIÓN, ETC.
Lugar de publicación, distribución, etc. Sevilla :
Nombre del editor, distribuidor, etc. [s.n.],
Fecha de publicación, distribución, etc. 1898 (
Fabricante Imp. de E. Rasco)
300 ## - DESCRIPCIÓN FÍSICA
Extensión 127 p. ;
Dimensiones 23 cm.
852 ## - LOCALIZACIÓN
Ubicación ES-MaACL
Número de control de estantería T-1033-F-8
Holdings
Estatus retirado Estado de pérdida Estado de daño No para préstamo Colección Biblioteca de origen Biblioteca actual Ubicación en estantería Fecha de adquisición Fuente de adquisición Total de préstamos Signatura topográfica completa Código de barras Visto por última vez Precio de reemplazo Tipo de ítem Koha
        Colección de folletos Biblioteca del Ateneo de Madrid Biblioteca del Ateneo de Madrid Depósito folletos 17/01/2008     T-1033-F-8 1072067 23/02/2023 23/02/2023 Folleto